Positive sleep : a holistic approach to resolve sleep issues and transform your life

Bibliographic Details
Main Author: Watkins, Giles
Format: Book
Published: London : LID Publishing Limited , 2019
Subjects:

MARC

LEADER 00000cam a2200000 7i4500
001 0000278998
005 20210310115409.0
020 |a 9781912555277 
090 0 0 |a 616.84982   |b WAT 
100 1 |a Watkins, Giles 
245 1 0 |a Positive sleep :   |b a holistic approach to resolve sleep issues and transform your life   |c Giles Watkins 
260 |a London :   |b LID Publishing Limited ,   |c 2019 
300 |a 145p. ;   |c 18cm. 
650 0 |a Insomnia 
650 0 |a Sleep disorders 
999 |a 00385930   |b BUKU   |c PINJAMAN   |e PERPUSTAKAAN KOMUNITI CAW BANDAR UTAMA